• 首页
  • 本馆介绍
  • 公告通知
  • 最新文献
  • 馆藏检索
  • 电子资源
  • 读者导购
  • 参考咨询
  • 我的图书馆
  • 登录
  • 详细信息显示
  • 放入我的书架
  • 预约/预借图书
  • 作者相关作品
  • 分类相关作品
  • 丛书相关作品
  • 出版社相关作品

书目信息

  • 表格格式
  • 工作单格式
  • 卡片格式
题名:
校园应急管理
    
 
作者: 贺湖 , 黄猛 , 赵健军 编著
分册:  
出版信息: 长沙   中南大学出版社  2019.06
页数: 295页
开本: 26cm
丛书名:
单 册:
中图分类: G637.4
科图分类:
主题词: 中小学--zhong xiao xue--突发事件--安全管理--教材
电子资源:
ISBN: 978-7-5487-3639-4
000 01250nam0 2200265 450
001 0109110104
005 20201109110334.0
010    @a978-7-5487-3639-4@dCNY45.00
100    @a20190816d2019 em y0chiy50 ea
101 0  @achi
102    @aCN@b430000
105    @ay z 000yy
106    @ar
200 1  @a校园应急管理@Axiao yuan ying ji guan li@f贺湖, 黄猛, 赵健军编著
210    @a长沙@c中南大学出版社@d2019.06
215    @a295页@d26cm
300    @a湖南省社科联“十三五”课题校园安全管理制度的完善与实施研究(湘社评[2019]1号,编号XSP19YBC275)与邵阳市社科联“十三五”重大委托课题中小学校应急管理体系构建研究(邵社评[2018]4号)成果之一
330    @a本书共分为上中下三篇。上篇为一至六章,分别为:校园突发事件应急管理概述、校园突发事件预防预警机制的构建、校园突发事件保障机制的构建等。中篇为七至十四章,分别为:自然灾害的预防与应对、校园公共安全事故的预防与应对、校园公共卫生事件的预防与应对等。下篇为十五章至十八章。分别为:学校应急课程建设、中小学应急教育实践形式的创新等。
606 0  @a中小学@Azhong xiao xue@x突发事件@x安全管理@j教材
690    @aG637.4@v5
701  0 @a贺湖@Ahe hu@4编著
701  0 @a黄猛@Ahuang meng@4编著
701  0 @a赵健军@Azhao jian jun@4编著
801  0 @aCN@bBJSZM@c20201103
905    @b1266511-5@dG637.4@e1896@f5
    
    校园应急管理/贺湖, 黄猛, 赵健军编著.-长沙:中南大学出版社,2019.06
    295页;26cm
    湖南省社科联“十三五”课题校园安全管理制度的完善与实施研究(湘社评[2019]1号,编号XSP19YBC275)与邵阳市社科联“十三五”重大委托课题中小学校应急管理体系构建研究(邵社评[2018]4号)成果之一
    
    ISBN 978-7-5487-3639-4:CNY45.00
    本书共分为上中下三篇。上篇为一至六章,分别为:校园突发事件应急管理概述、校园突发事件预防预警机制的构建、校园突发事件保障机制的构建等。中篇为七至十四章,分别为:自然灾害的预防与应对、校园公共安全事故的预防与应对、校园公共卫生事件的预防与应对等。下篇为十五章至十八章。分别为:学校应急课程建设、中小学应急教育实践形式的创新等。
●
相关链接 在E读中查询图书 在五车中查询图书 在当当中查询图书 在豆瓣中查询图书


正题名:校园应急管理     索取号:G637.4/1896         预约/预借

序号 登录号 条形码 馆藏地/架位号 状态 备注
1 1266511   212665114   第一样本阅览室/ [索取号:G637.4/1896] 在馆    
2 1266512   212665123   教育系资料室/ [索取号:G637.4/1896] 在馆    
3 1266513   212665132   教育系资料室/ [索取号:G637.4/1896] 在馆    
4 1266514   212665141   第四借阅区/ [索取号:G637.4/1896] 在馆    
5 1266515   212665150   第四借阅区/ [索取号:G637.4/1896] 在馆    
唐山师范学院图书馆 欢迎您!
大连网信软件有限公司© 版权所有